| 000 | 00363nam a2200133 4500 | ||
|---|---|---|---|
| 005 | 20260530115306.0 | ||
| 100 | 1 |
_aEditors of Time-Life Books _932066 |
|
| 245 | 1 | 0 | _aSpecial Problems in Photography |
| 264 | 1 |
_bTime Life International _c1972 |
|
| 300 | _a210 páginas | ||
| 336 |
_atexto _2rdacontent |
||
| 337 |
_asin medio _2rdamedia |
||
| 338 |
_avolumen _2rdacarrier |
||
| 999 |
_c13115 _d13115 |
||